[Event "FIDE World Bl Team Pool D"]
[Site "London ENG"]
[Date "2025.06.14"]
[Round "1.1"]
[White "Amartuvshin, Ganzorig"]
[Black "Grischuk, Alexander"]
[Result "0-1"]
[WhiteTitle "IM"]
[BlackTitle "GM"]
[WhiteElo "2430"]
[BlackElo "2667"]
[WhiteTeam "Mongolia-A"]
[BlackTeam "KazChess"]
[WhiteFideId "4902548"]
[BlackFideId "4126025"]
[EventDate "2025.06.14"]
[EventType "team"]

1. d4 d5 2. c4 e6 3. Nc3 Be7 4. Nf3 Nf6 5. Bf4 O-O 6. a3 b6 7. Rc1 c5 8. cxd5
Nxd5 9. Nxd5 exd5 10. e3 c4 11. Be2 b5 12. O-O Nd7 13. Ne5 Bb7 14. Nxd7 Qxd7 15.
Qd2 a5 16. f3 Rfc8 17. Be5 Qe6 18. Bd1 b4 19. Bc2 Bd6 20. Bxd6 Qxd6 21. e4 c3
22. bxc3 Rxc3 23. e5 Qe7 24. axb4 axb4 25. Bd3 Rac8 26. Rxc3 Rxc3 27. Rb1 g6 28.
Bf1 Bc6 29. Qb2 Bd7 30. Qxb4 Qxb4 31. Rxb4 Be6 32. Kf2 h5 33. Be2 Kg7 34. h4 Rc2
35. Ke3 Ra2 36. Rb3 Ra1 37. g4 Rh1 38. gxh5 gxh5 39. Rb1 Rxb1 0-1

[Event "FIDE World Bl Team Pool D"]
[Site "London ENG"]
[Date "2025.06.14"]
[Round "1.2"]
[White "Rapport, Richard"]
[Black "Munkhdalai, Amilal"]
[Result "1-0"]
[WhiteTitle "GM"]
[BlackTitle "IM"]
[WhiteElo "2714"]
[BlackElo "2385"]
[WhiteTeam "KazChess"]
[BlackTeam "Mongolia-A"]
[WhiteFideId "738590"]
[BlackFideId "4903250"]
[EventDate "2025.06.14"]
[EventType "team"]

1. e4 c5 2. Nf3 d6 3. c3 Nf6 4. Be2 e6 5. O-O Be7 6. Re1 O-O 7. Bf1 Nbd7 8. d4
Qc7 9. h3 a6 10. a4 b6 11. d5 e5 12. c4 a5 13. Nc3 Ne8 14. Ra3 g6 15. Nh2 Qd8
16. Qd2 Ng7 17. Ng4 Kh8 18. Nh6 Nf6 19. Nb5 Ng8 20. Nxg8 Kxg8 21. f4 f6 22. Be2
Bd7 23. Rg3 Bxb5 24. axb5 f5 25. Rf1 fxe4 26. fxe5 Rxf1+ 27. Bxf1 dxe5 28. Rg4
Nf5 29. Rxe4 Bf6 30. Bd3 Nd6 31. Rg4 Qe7 32. Qe2 Bg7 33. Bg5 Qd7 34. h4 h5 35.
Rg3 e4 36. Bb1 Re8 37. Be3 Kh7 38. Bf2 Nf5 39. Rh3 e3 40. Be1 Bd4 41. g4 hxg4
42. Qxg4 e2+ 43. Kh1 Kh8 44. h5 g5 45. Bxf5 Qe7 46. Rf3 Bxb2 47. Be6 Rf8 48.
Rxf8+ Qxf8 49. Qxe2 Qf4 50. Qxb2+ 1-0

[Event "FIDE World Bl Team Pool D"]
[Site "London ENG"]
[Date "2025.06.14"]
[Round "1.3"]
[White "Munkhzul, Turmunkh"]
[Black "Esipenko, Andrey"]
[Result "0-1"]
[WhiteTitle "WGM"]
[BlackTitle "GM"]
[WhiteElo "2236"]
[BlackElo "2689"]
[WhiteTeam "Mongolia-A"]
[BlackTeam "KazChess"]
[WhiteFideId "4901878"]
[BlackFideId "24175439"]
[EventDate "2025.06.14"]
[EventType "team"]

1. e4 e5 2. Nf3 Nf6 3. d4 Nxe4 4. Bd3 d5 5. Nxe5 Nd7 6. Nc3 Nxc3 7. bxc3 Be7 8.
Nxd7 Qxd7 9. O-O O-O 10. Re1 Re8 11. Qe2 Qd8 12. Ba3 Be6 13. Bxe7 Rxe7 14. Rab1
c6 15. f4 Rc7 16. f5 Bd7 17. Qe5 Rac8 18. Rf1 f6 19. Qf4 Be8 20. Rbe1 Bf7 21. g4
h6 22. h4 Re7 23. Kf2 Rcc7 24. g5 hxg5 25. hxg5 fxg5 26. Qh2 Rxe1 27. Rxe1 Re7
28. f6 gxf6 29. Qh6 Be8 30. Rh1 Rg7 31. Qh8+ Kf7 32. Rh7 Rxh7 33. Qxh7+ Ke6 34.
Qg8+ Ke7 35. Bf5 Bf7 36. Qh7 Qd6 37. Bg6 Qe6 38. Qg7 f5 39. Bxf7 Qxf7 40. Qxg5+
Kd7 41. Qf4 Kc8 42. Qd6 Qd7 43. Qf8+ Kc7 44. Kf3 Qe6 45. Kf2 Qe4 46. Qf7+ Kb6 0-1

[Event "FIDE World Bl Team Pool D"]
[Site "London ENG"]
[Date "2025.06.14"]
[Round "1.4"]
[White "Sadvakasov, Darmen"]
[Black "Gan-Od, Sereenen"]
[Result "1-0"]
[WhiteTitle "GM"]
[BlackTitle "FM"]
[WhiteElo "2629"]
[BlackElo "2320"]
[WhiteTeam "KazChess"]
[BlackTeam "Mongolia-A"]
[WhiteFideId "13700464"]
[BlackFideId "4901304"]
[EventDate "2025.06.14"]
[EventType "team"]

1. e4 c6 2. d4 d5 3. Nd2 dxe4 4. Nxe4 Nf6 5. Nxf6+ gxf6 6. c3 h5 7. Be3 h4 8.
Qc2 Qa5 9. Nf3 h3 10. g3 Bg4 11. Be2 Nd7 12. Nd2 Bxe2 13. Kxe2 Nb6 14. a4 Qh5+
15. f3 Nd5 16. Bf2 e6 17. Ne4 Be7 18. b4 f5 19. Nd2 Rd8 20. Nc4 Kf8 21. b5 Rc8
22. Qd3 f4 23. g4 Qh7 24. Qxh7 Rxh7 25. Kd3 Kg7 26. Rhc1 Rhh8 27. Rab1 Rhd8 28.
bxc6 bxc6 29. Rb7 Rc7 30. Rcb1 Rdd7 31. Rxc7 Rxc7 32. Rb8 c5 33. a5 cxd4 34.
Bxd4+ f6 35. a6 e5 36. Bf2 Rc6 37. Rb7 Rxa6 38. Rd7 Ra2 39. Nd2 Ra5 40. c4 Nb4+
41. Kc3 Nc6 42. Rc7 Ra6 43. Nb3 Kg6 44. c5 Bd8 45. Rd7 Ra2 46. Rd6 Rxf2 47. Rxc6
Rxh2 48. Rc8 Be7 49. Rh8 Kg7 50. Rh5 a5 51. c6 a4 52. c7 axb3 53. Kxb3 1-0

[Event "FIDE World Bl Team Pool D"]
[Site "London ENG"]
[Date "2025.06.14"]
[Round "1.5"]
[White "Uuriintuya, Uurtsaikh"]
[Black "Kamalidenova, Meruert"]
[Result "1/2-1/2"]
[WhiteTitle "WGM"]
[BlackTitle "IM"]
[WhiteElo "2141"]
[BlackElo "2330"]
[WhiteTeam "Mongolia-A"]
[BlackTeam "KazChess"]
[WhiteFideId "4900227"]
[BlackFideId "13712802"]
[EventDate "2025.06.14"]
[EventType "team"]

1. e4 c5 2. Nf3 d6 3. d4 cxd4 4. Nxd4 Nf6 5. Nc3 g6 6. Be3 Nc6 7. f3 h5 8. Qd2
Nxd4 9. Qxd4 Bg7 10. Qd2 a6 11. O-O-O Qc7 12. Kb1 O-O 13. h3 b5 14. g4 Be6 15.
Bh6 Rfc8 16. Bxg7 Kxg7 17. gxh5 Nxh5 18. Rg1 Rh8 19. f4 b4 20. Nd5 Bxd5 21. exd5
Kf8 22. Qd4 Nf6 23. Qxb4 Rb8 24. Qd2 Qb6 25. Qd4 Rh4 26. Qxb6 Rxb6 27. Rd4 Nd7
28. Rg4 Rh5 29. Rg5 Rh6 30. c3 e6 31. dxe6 fxe6 32. Bd3 Nc5 33. Rxg6 Rxh3 34.
Bc2 Rf3 35. Rg1 Nd7 36. Re1 d5 37. Kc1 Nf6 38. Kd2 Nh5 39. b4 Nxf4 40. Bd1 Rf2+
41. Ke3 e5 42. Kxf2 exd4 43. Rf1 Ne6 44. Ke2+ Ke7 45. Kd3 dxc3 46. Kxc3 d4+ 47.
Kb3 Rc6 48. Bg4 Ng5 49. Re1+ Kd6 50. Bf5 Rc3+ 51. Kb2 Kd5 52. Rd1 Nf3 53. Bd3 a5
54. bxa5 Ne5 55. Bf1 Rc5 56. a6 Ra5 57. Rc1 d3 58. Kc3 Ra3+ 59. Kd2 Rxa2+ 60.
Ke3 Rxa6 61. Bxd3 Ra3 62. Rd1 Rxd3+ 63. Rxd3+ Nxd3 64. Kxd3 1/2-1/2

[Event "FIDE World Bl Team Pool D"]
[Site "London ENG"]
[Date "2025.06.14"]
[Round "1.6"]
[White "Aiten, Islam"]
[Black "Han, Qixuan"]
[Result "1-0"]
[WhiteElo "1950"]
[BlackElo "1896"]
[WhiteTeam "KazChess"]
[BlackTeam "Mongolia-A"]
[WhiteFideId "13749420"]
[BlackFideId "496944"]
[EventDate "2025.06.14"]
[EventType "team"]

1. d4 d5 2. Nc3 Nf6 3. Bf4 c6 4. e3 Bg4 5. f3 Bh5 6. g4 Bg6 7. h4 h6 8. Bd3 Bxd3
9. Qxd3 e6 10. Nge2 Bd6 11. O-O-O Bxf4 12. Nxf4 Nbd7 13. g5 Ng8 14. g6 Qe7 15.
e4 O-O-O 16. e5 Kb8 17. Kb1 Nb6 18. gxf7 Qxf7 19. Ng6 Rh7 20. h5 Nc4 21. b3 Nb6
22. Rdg1 Nd7 23. f4 c5 24. Nb5 cxd4 25. Nd6 Nc5 26. Nxf7 Nxd3 27. Nxd8 Nf2 28.
Nxe6 Nxh1 29. Nef8 Nf2 30. Nxh7 Ne4 31. e6 Kc7 32. Ne5 Nc3+ 33. Kb2 Nf6 34.
Rxg7+ Kb6 35. Nxf6 a5 36. e7 a4 37. e8=Q a3+ 38. Ka1 d3 39. Rxb7+ Kxb7 40. Qc6+
Kb8 41. Nfd7+ Ka7 42. Qb6+ Ka8 43. Qb8# 1-0

[Event "FIDE World Bl Team Pool D"]
[Site "London ENG"]
[Date "2025.06.14"]
[Round "1.1"]
[White "Kantor, Gergely"]
[Black "Fernandez, Daniel Howard"]
[Result "0-1"]
[WhiteTitle "GM"]
[BlackTitle "GM"]
[WhiteElo "2584"]
[BlackElo "2484"]
[WhiteTeam "Team Hungary"]
[BlackTeam "English Knightmares"]
[WhiteFideId "751499"]
[BlackFideId "5801605"]
[EventDate "2025.06.14"]
[EventType "team"]

1. d4 Nf6 2. c4 e6 3. Nc3 Bb4 4. e3 b6 5. Ne2 Bb7 6. a3 Be7 7. d5 O-O 8. e4 e5
9. Ng3 a5 10. Nf5 Bc5 11. Bg5 d6 12. Qf3 Bc8 13. g4 Bd4 14. h4 Bxf5 15. gxf5
Nbd7 16. Rg1 Kh8 17. O-O-O Nc5 18. Nb5 Ncxe4 19. Nxd4 exd4 20. Rxd4 Nc5 21. Bd3
Nb3+ 22. Kb1 Nxd4 23. Qf4 c5 24. h5 Nxh5 25. Qh4 Nf6 26. Rh1 Nf3 27. Bxf6 Nxh4
28. Bxd8 Raxd8 29. Rxh4 f6 30. Kc2 Rfe8 31. Kd2 Re5 32. f4 Re7 33. Rh2 Rde8 34.
Rg2 Re3 35. Rf2 Rh3 36. Bc2 Kg8 37. Ba4 Re7 38. Rg2 Kf8 39. Bc6 Re4 40. Rf2 Rh4
41. b3 Rhxf4 42. Rh2 h6 43. Rg2 Rxf5 44. Bd7 Rfe5 45. Be6 a4 46. bxa4 Rxc4 47.
Kd3 Rd4+ 48. Kc3 Rxa4 49. Rb2 Rxa3+ 50. Kd2 Rxe6 51. dxe6 Ke7 52. Rxb6 Kxe6 53.
Rb7 g5 54. Rh7 Rh3 55. Ke2 d5 56. Kf2 c4 57. Kg2 Rh4 0-1

[Event "FIDE World Bl Team Pool D"]
[Site "London ENG"]
[Date "2025.06.14"]
[Round "1.2"]
[White "Badacsonyi, Stanley"]
[Black "Erdos, Viktor"]
[Result "0-1"]
[WhiteTitle "FM"]
[BlackTitle "GM"]
[WhiteElo "2300"]
[BlackElo "2545"]
[WhiteTeam "English Knightmares"]
[BlackTeam "Team Hungary"]
[WhiteFideId "486973"]
[BlackFideId "719978"]
[EventDate "2025.06.14"]
[EventType "team"]

1. d4 Nf6 2. c4 g6 3. Nc3 d5 4. cxd5 Nxd5 5. Bd2 Bg7 6. e4 Nxc3 7. Bxc3 O-O 8.
Qd2 c5 9. d5 e6 10. Bc4 Qh4 11. Qe3 Bd4 12. Nf3 Bxe3 13. Nxh4 Bh6 14. dxe6 Bxe6
15. Bxe6 fxe6 16. Nf3 Nc6 17. Rd1 Rad8 18. Ke2 Kf7 19. Ne5+ Nxe5 20. Bxe5 Bg7
21. Bxg7 Kxg7 22. Rxd8 Rxd8 23. Rd1 Rxd1 24. Kxd1 Kf6 25. f4 e5 26. g3 exf4 27.
gxf4 g5 28. f5 b5 29. Kd2 h5 30. a3 Ke5 31. h3 c4 32. Kc3 g4 33. hxg4 h4 34. g5
h3 35. g6 Kf6 36. e5+ Kg7 37. e6 Kf6 0-1

[Event "FIDE World Bl Team Pool D"]
[Site "London ENG"]
[Date "2025.06.14"]
[Round "1.3"]
[White "Kozak, Adam"]
[Black "Banerjee, Supratit"]
[Result "1-0"]
[WhiteTitle "GM"]
[BlackTitle "FM"]
[WhiteElo "2587"]
[BlackElo "2311"]
[WhiteTeam "Team Hungary"]
[BlackTeam "English Knightmares"]
[WhiteFideId "753246"]
[BlackFideId "2410079"]
[EventDate "2025.06.14"]
[EventType "team"]

1. d4 Nf6 2. c4 g6 3. Nc3 Bg7 4. e4 d6 5. Nf3 O-O 6. Be2 e5 7. O-O exd4 8. Nxd4
Re8 9. f3 c6 10. Kh1 d5 11. cxd5 cxd5 12. Bg5 Nc6 13. Bb5 h6 14. Bh4 g5 15. Bf2
dxe4 16. Nxc6 bxc6 17. Bxc6 Bd7 18. Bxa8 Qxa8 19. Nxe4 Nxe4 20. Qxd7 Nxf2+ 21.
Rxf2 Qb8 22. Rd1 Bf8 23. f4 gxf4 24. Qg4+ Bg7 25. Qxf4 Qxf4 26. Rxf4 Bxb2 27.
Ra4 Re7 28. g3 Bc3 29. Rd3 Be1 30. Kg2 a5 31. a3 Rc7 32. Re4 Bc3 33. Rd5 Kg7 34.
Re2 Kf6 35. Rc2 Be5 36. Rf2+ Ke6 37. Rxa5 f6 38. Ra8 Rc1 39. Re8+ Kd7 40. Rh8
Ra1 41. Rf3 Ke7 42. Rxh6 Kf7 43. Rh7+ Kg6 44. Rd7 Ra2+ 45. Kh3 Kg5 46. Rd5 Kg6
47. Rd1 Bb8 48. Rdf1 Be5 49. R1f2 Ra1 50. Kg2 Bd4 51. Rd2 Rg1+ 52. Kh3 Be5 53.
Ra2 f5 54. a4 Rc1 55. a5 Rc7 56. a6 Ra7 57. Kg2 Kg5 58. Ra4 1-0

[Event "FIDE World Bl Team Pool D"]
[Site "London ENG"]
[Date "2025.06.14"]
[Round "1.4"]
[White "Shearsby, Jude"]
[Black "Ruck, Robert"]
[Result "1/2-1/2"]
[WhiteTitle "CM"]
[BlackTitle "GM"]
[WhiteElo "2160"]
[BlackElo "2515"]
[WhiteTeam "English Knightmares"]
[BlackTeam "Team Hungary"]
[WhiteFideId "462527"]
[BlackFideId "705713"]
[EventDate "2025.06.14"]
[EventType "team"]

1. e4 c6 2. d4 d5 3. Nd2 dxe4 4. Nxe4 Bf5 5. Ng5 h6 6. N5f3 Nd7 7. Ne2 e6 8. Ng3
Bg6 9. Bd3 Bxd3 10. Qxd3 Ngf6 11. Bd2 Be7 12. O-O-O c5 13. dxc5 Nxc5 14. Qb5+
Qd7 15. Qxd7+ Ncxd7 16. Rhe1 O-O 17. Bc3 Bc5 18. Bd4 Rfc8 19. c3 Bxd4 20. Nxd4
Nd5 21. Ne4 N7f6 22. g3 a6 23. f4 Nxe4 24. Rxe4 Rc4 25. Ree1 g6 26. h4 h5 27.
Nf3 b5 28. Ne5 Rc7 29. Kb1 Rac8 30. Rd4 Kg7 31. Red1 Ne3 32. R1d3 Nf5 33. Re4
Rb7 34. a3 Rc5 35. Rf3 Rd5 36. Ka2 Rd2 37. Nd3 Rg2 38. Nc5 Ra7 39. Re5 Rxg3 40.
Rxg3 Nxg3 41. Re1 Nf5 42. Rh1 Kf6 43. b4 Ne3 44. a4 bxa4 45. Nxa4 Nd5 46. Kb3
Nxf4 47. Rf1 e5 48. Nc5 Kf5 49. c4 g5 50. hxg5 h4 51. Rh1 h3 52. b5 axb5 53.
cxb5 Kxg5 54. b6 Ra8 55. b7 Rb8 56. Kc4 Kg4 57. Kb5 Kg3 58. Kc6 Kg2 59. Re1 h2
60. Nd7 Rxb7 61. Kxb7 h1=Q 62. Rxh1 Kxh1 63. Nxe5 f5 64. Kc6 Kg2 65. Kc5 Nh5 66.
Nd3 Kf3 67. Kd4 Nf4 68. Ne5+ Kg3 69. Ke3 Nd5+ 70. Ke2 Kg2 71. Ng6 Kg3 72. Ne5
Nf4+ 73. Kf1 Nh5 74. Ng6 Nf4 75. Ne5 Nd5 1/2-1/2

[Event "FIDE World Bl Team Pool D"]
[Site "London ENG"]
[Date "2025.06.14"]
[Round "1.5"]
[White "Gaal, Zsoka"]
[Black "Hng, Mei-En Emmanuelle"]
[Result "0-1"]
[WhiteTitle "WGM"]
[BlackTitle "WFM"]
[WhiteElo "2391"]
[BlackElo "2136"]
[WhiteTeam "Team Hungary"]
[BlackTeam "English Knightmares"]
[WhiteFideId "777765"]
[BlackFideId "5804566"]
[EventDate "2025.06.14"]
[EventType "team"]

1. Nf3 Nf6 2. g3 c5 3. c4 d5 4. cxd5 Nxd5 5. Nc3 Nc6 6. Bg2 e5 7. O-O Be7 8.
Nxe5 Nxc3 9. Nxc6 bxc6 10. dxc3 Qb6 11. Qa4 Bb7 12. Rd1 Rd8 13. Rxd8+ Bxd8 14.
Qe4+ Be7 15. Bf4 Qd8 16. Qa4 Qb6 17. Qe4 Qd8 18. a4 O-O 19. a5 Bf6 20. Qc4 Qd7
21. Qxc5 Re8 22. Bf3 Be7 23. Qc4 c5 24. Bxb7 Qxb7 25. Qa4 Rd8 26. Qc2 h6 27. Be5
Qd5 28. Bc7 Rc8 29. Bf4 Rd8 30. Ra4 Qc6 31. Re4 Bf6 32. Re3 Qb5 33. Rd3 Re8 34.
c4 Qxa5 35. b3 Qa1+ 36. Kg2 Qe1 37. e3 Qb4 38. Qd2 Qb6 39. h4 a5 40. h5 Ra8 41.
Qe2 Qb7+ 42. Qf3 Qa7 43. Qg4 Kh7 44. Qf5+ Kg8 45. Bxh6 Qb7+ 46. Kh2 Ra6 47. Bg5
Bxg5 48. Qxg5 Rh6 49. Rd8+ Kh7 50. Qf5+ g6 51. Qd7 Rxh5+ 52. Qh3 Rxh3+ 53. Kxh3
Qxb3 54. Rd7 Kg7 55. Ra7 a4 56. Ra5 Qb4 0-1

[Event "FIDE World Bl Team Pool D"]
[Site "London ENG"]
[Date "2025.06.14"]
[Round "1.6"]
[White "Jain, Gautam"]
[Black "Marton-John, Almos Kiran"]
[Result "0-1"]
[WhiteElo "1979"]
[BlackElo "1987"]
[WhiteTeam "English Knightmares"]
[BlackTeam "Team Hungary"]
[WhiteFideId "425311"]
[BlackFideId "17013135"]
[EventDate "2025.06.14"]
[EventType "team"]

1. e4 e5 2. Nf3 Nc6 3. Bb5 a6 4. Ba4 Nf6 5. d3 d6 6. h3 g6 7. O-O Bg7 8. c3 O-O
9. Be3 h6 10. Nbd2 Nd7 11. d4 f5 12. dxe5 f4 13. Bxc6 bxc6 14. e6 Ne5 15. Bd4
Bxe6 16. Nb3 g5 17. Nxe5 dxe5 18. Bc5 Re8 19. Qxd8 Raxd8 20. Rad1 Kf7 21. f3 h5
22. Kf2 g4 23. hxg4 hxg4 24. Ke2 Bc4+ 25. Kf2 g3+ 26. Kg1 Bxf1 27. Rxf1 Rd3 28.
Rc1 Red8 29. Kf1 Rd1+ 30. Rxd1 Rxd1+ 31. Ke2 Rb1 32. Ba3 Rg1 33. Nc5 Rxg2+ 34.
Ke1 Rf2 35. Nxa6 Rxf3 36. Nxc7 g2 37. Bc5 Rf1+ 38. Ke2 g1=Q 39. Bxg1 Rxg1 40. b4
Rg2+ 41. Kf3 Rxa2 42. c4 Ra3+ 43. Kf2 Ra4 44. b5 cxb5 45. Nxb5 Ke6 46. c5 Rxe4
47. c6 Rc4 48. c7 Kd7 49. Kf3 Rxc7 50. Nxc7 Kxc7 0-1

[Event "FIDE World Bl Team Pool D"]
[Site "London ENG"]
[Date "2025.06.14"]
[Round "1.1"]
[White "Sagalchik, Gennadij"]
[Black "Cancedda-Dupuis, Livio"]
[Result "1-0"]
[WhiteTitle "GM"]
[WhiteElo "2434"]
[BlackElo "2053"]
[WhiteTeam "Perfect"]
[BlackTeam "The London Legends"]
[WhiteFideId "2007916"]
[BlackFideId "499447"]
[EventDate "2025.06.14"]
[EventType "team"]

1. d4 Nf6 2. c4 e6 3. Nc3 Bb4 4. a3 Bxc3+ 5. bxc3 d5 6. e3 O-O 7. cxd5 exd5 8.
Bd3 c5 9. Ne2 Nbd7 10. O-O b6 11. f3 Bb7 12. Ng3 Re8 13. Ra2 Rc8 14. Re2 Nf8 15.
Bb5 Bc6 16. Ba6 Rc7 17. Bd3 Ng6 18. Nf5 Ne7 19. g4 Nxf5 20. gxf5 Rce7 21. Kh1
Qd7 22. Rg1 Kh8 23. Qe1 Bb5 24. Bxb5 Qxb5 25. Reg2 Rg8 26. Qh4 Qc6 27. dxc5 bxc5
28. c4 dxc4 29. Bb2 Ree8 30. e4 Rb8 31. Rxg7 Rxg7 32. Bxf6 Rg8 33. Bxg7+ Rxg7
34. Qd8+ 1-0

[Event "FIDE World Bl Team Pool D"]
[Site "London ENG"]
[Date "2025.06.14"]
[Round "1.2"]
[White "Bryant, Harry"]
[Black "Atlas, Valery"]
[Result "0-1"]
[BlackTitle "IM"]
[WhiteElo "2062"]
[BlackElo "2401"]
[WhiteTeam "The London Legends"]
[BlackTeam "Perfect"]
[WhiteFideId "489158"]
[BlackFideId "12000035"]
[EventDate "2025.06.14"]
[EventType "team"]

1. e4 c5 2. Nf3 e6 3. d4 cxd4 4. Nxd4 Nc6 5. Be2 d6 6. O-O Nf6 7. Nc3 Be7 8. Be3
O-O 9. f4 e5 10. Nb3 exf4 11. Bxf4 Be6 12. Nd4 Qb6 13. Be3 Qxb2 14. Nd5 Bxd5 15.
exd5 Nxd5 16. Nxc6 bxc6 17. Bd4 Qa3 18. Bd3 g6 19. Qg4 c5 20. Bf2 Bf6 21. Rad1
Nc3 22. Rde1 Bg7 23. Re7 Rae8 24. Rd7 Qb4 25. Qf3 c4 26. Rb7 Qa4 27. Rxa7 Qb5
28. Rb7 Qa6 29. Rb6 Qa4 30. Rxd6 cxd3 31. Rxd3 Ne2+ 32. Kh1 Qe4 33. Qh3 Nf4 34.
Qf3 Nxd3 0-1

[Event "FIDE World Bl Team Pool D"]
[Site "London ENG"]
[Date "2025.06.14"]
[Round "1.3"]
[White "Zlotnik, Boris A"]
[Black "Dasgupta, Avyukt"]
[Result "0-1"]
[WhiteTitle "IM"]
[WhiteElo "2433"]
[BlackElo "2125"]
[WhiteTeam "Perfect"]
[BlackTeam "The London Legends"]
[WhiteFideId "4101413"]
[BlackFideId "480630"]
[EventDate "2025.06.14"]
[EventType "team"]

1. d4 Nf6 2. c4 e6 3. Nc3 Bb4 4. e3 b6 5. Ne2 Ba6 6. Ng3 Bxc3+ 7. bxc3 d5 8.
cxd5 Bxf1 9. Nxf1 exd5 10. f3 O-O 11. Ng3 c5 12. O-O Nc6 13. Re1 Re8 14. Ba3 Na5
15. Qd3 Nc4 16. Bc1 Nd6 17. a4 cxd4 18. cxd4 Rc8 19. e4 Nc4 20. e5 Nd7 21. f4
Qh4 22. Ra2 Nf8 23. Rf2 Ne6 24. f5 Qxd4 25. Qxd4 Nxd4 26. Rd1 Nb3 27. Bf4 Nxe5
28. Rxd5 Ng4 29. Rf1 Nc5 30. Rd4 Rcd8 31. Rc4 Nd3 32. Bc7 Nge5 33. Bxe5 Nxe5 34.
Rc7 Rd7 35. Rfc1 Red8 36. h3 f6 37. Nh5 Rd1+ 38. Rxd1 Rxd1+ 39. Kh2 Rd7 40. Rc8+
Kf7 41. Rh8 h6 42. Nf4 Rd4 43. Ne6 Rd2 44. Ra8 Rd7 45. Rf8+ Ke7 46. Rg8 Kd6 47.
Nxg7 Kc5 48. Nh5 Rf7 49. Rh8 Kb4 50. Rxh6 Nd7 51. g4 Kxa4 52. Nf4 b5 53. Nd5 b4
54. Rh8 Nb6 0-1

[Event "FIDE World Bl Team Pool D"]
[Site "London ENG"]
[Date "2025.06.14"]
[Round "1.4"]
[White "Vashisht-Pigem, Raman"]
[Black "Slavin, Gennadie"]
[Result "1-0"]
[WhiteElo "1965"]
[BlackElo "2207"]
[WhiteTeam "The London Legends"]
[BlackTeam "Perfect"]
[WhiteFideId "469734"]
[BlackFideId "4104870"]
[EventDate "2025.06.14"]
[EventType "team"]

1. e4 e6 2. d4 d5 3. Nd2 Nf6 4. e5 Ne4 5. Nxe4 dxe4 6. Ne2 c5 7. dxc5 Qxd1+ 8.
Kxd1 Nd7 9. Ng3 Nxc5 10. Bb5+ Bd7 11. Bxd7+ Nxd7 12. Ke2 Nxe5 13. Nxe4 O-O-O 14.
Bf4 Ng6 15. Be3 b6 16. Rad1 Be7 17. g3 f6 18. c4 Ne5 19. c5 Nc4 20. cxb6 Nxe3
21. bxa7 Kb7 22. Kxe3 Kxa7 23. Rc1 Kb6 24. Rc2 f5 25. Nc3 e5 26. Rd1 Rxd1 27.
Nxd1 e4 28. Nc3 Rd8 29. f3 Rd3+ 30. Ke2 Rd4 31. fxe4 fxe4 32. Rd2 Rxd2+ 33. Kxd2
Kc5 34. Nxe4+ Kd4 35. Nc3 h5 36. a3 g5 37. b4 h4 38. gxh4 gxh4 39. Kc2 h3 40.
Ne2+ Ke3 41. Ng1 Bd6 42. Nxh3 Bxh2 43. Kb3 Kd4 44. Ng5 Kd5 45. a4 Bf4 46. Nf3
Kc6 47. Kc4 Bg3 48. Nd4+ Kb6 49. a5+ Ka6 50. Nc6 Be1 51. b5+ Kb7 52. Kd5 Bf2 53.
Nd8+ Kc7 54. Ne6+ Kb7 55. Nc5+ Kc7 56. b6+ Kb8 57. Kc6 Ka8 58. a6 Bg3 59. Nd7
Bf4 60. Kb5 Bg3 61. Nc5 Bh2 62. a7 Bg3 63. Ka6 1-0

[Event "FIDE World Bl Team Pool D"]
[Site "London ENG"]
[Date "2025.06.14"]
[Round "1.5"]
[White "Arakhamia-Grant, Ketevan"]
[Black "Mokhber-Garcia, Sebastian"]
[Result "1-0"]
[WhiteTitle "GM"]
[WhiteElo "2269"]
[BlackElo "1853"]
[WhiteTeam "Perfect"]
[BlackTeam "The London Legends"]
[WhiteFideId "13600168"]
[BlackFideId "499269"]
[EventDate "2025.06.14"]
[EventType "team"]

1. e4 e5 2. Nf3 Nc6 3. Bb5 Nf6 4. d3 Bc5 5. O-O Qe7 6. c3 a6 7. Ba4 b5 8. Bb3
Bb6 9. Re1 O-O 10. h3 d6 11. Nbd2 Be6 12. Bc2 h6 13. Nf1 Rfd8 14. d4 exd4 15.
cxd4 Nb8 16. Ng3 c5 17. d5 Bc8 18. Nh4 Nbd7 19. Nhf5 Qf8 20. Bf4 Ne5 21. Qd2 Kh7
22. Qe2 Ng6 23. Bd2 c4 24. Bc3 Ne5 25. Kh1 Nfd7 26. f4 Nd3 27. Bxd3 cxd3 28.
Qxd3 f6 29. Qf3 Qf7 30. Rad1 Bc5 31. Nd4 Nb8 32. b3 b4 33. Bb2 a5 34. Ngf5 1-0

[Event "FIDE World Bl Team Pool D"]
[Site "London ENG"]
[Date "2025.06.14"]
[Round "1.6"]
[White "Maton, Emily"]
[Black "Mindru, Valeriu"]
[Result "1-0"]
[WhiteElo "1980"]
[BlackElo "1874"]
[WhiteTeam "The London Legends"]
[BlackTeam "Perfect"]
[WhiteFideId "343120293"]
[BlackFideId "13905775"]
[EventDate "2025.06.14"]
[EventType "team"]

1. d4 Nf6 2. Nf3 b6 3. Bf4 Bb7 4. e3 e6 5. c4 d5 6. cxd5 exd5 7. Nc3 Bd6 8. Bg3
O-O 9. Bd3 Bxg3 10. hxg3 Nbd7 11. Ne5 Re8 12. Nxd7 Qxd7 13. Bxh7+ Kf8 14. Bd3 c5
15. dxc5 bxc5 16. Bb5 Bc6 17. Bxc6 Qxc6 18. Rh8+ Ng8 19. Qxd5 Qg6 20. Qxc5+ Re7
21. Rxg8+ Kxg8 22. Qxe7 Qc2 23. Qe4 1-0

[Event "FIDE World Bl Team Pool D"]
[Site "London ENG"]
[Date "2025.06.14"]
[Round "1.1"]
[White "Kawuma, Patrick"]
[Black "Nogerbek, Kazybek"]
[Result "0-1"]
[WhiteTitle "FM"]
[BlackTitle "GM"]
[WhiteElo "2231"]
[BlackElo "2538"]
[WhiteTeam "Equity Bank, Kenya"]
[BlackTeam "Barys.kz"]
[WhiteFideId "10000127"]
[BlackFideId "13710427"]
[EventDate "2025.06.14"]
[EventType "team"]

1. c4 g6 2. Nf3 Bg7 3. d4 d6 4. g3 Nf6 5. Bg2 O-O 6. O-O Ne4 7. Qc2 f5 8. Nc3
Nxc3 9. Qxc3 Nc6 10. Qd2 e5 11. d5 Nb8 12. e3 Nd7 13. b3 a5 14. Bb2 Nc5 15. Rac1
Bd7 16. Qc2 Qe7 17. a3 e4 18. Bxg7 Qxg7 19. Nd4 b6 20. Rcd1 Rae8 21. Rd2 h5 22.
h4 g5 23. hxg5 Qxg5 24. Ne2 Re7 25. b4 axb4 26. axb4 Nd3 27. Rxd3 exd3 28. Qxd3
h4 29. gxh4 Qxh4 30. Nf4 Rg7 31. Rc1 Qe7 32. Kf1 Qe5 33. c5 bxc5 34. bxc5 Qb2
35. Rb1 Qa2 36. c6 Bc8 37. Kg1 Qa4 38. Qc3 Rg5 39. Qb4 Qc2 40. Qb2 Qe4 41. Qb4
Re8 42. Qxe4 fxe4 43. Rb8 Kf7 44. Kh2 Rh8+ 45. Kg1 Rhg8 46. Kf1 Ba6+ 47. Ke1
Rxb8 0-1